000
00303nam a2200109Ia 4500
005
20251222143148.0
008
251222s9999||||xx |||||||||||||| ||spa||
082
_a
946.054/F36
100
_a
"Taxonera, Luciano de"
245
0
_a
Felipe V: Fundador de una dinastía y dos veces rey de España
942
_c
LIB
999
_c
12580
_d
12580